[Event "IBCA Wch U20 blind 5th"]
[Site "Uppsala"]
[Date "2009.06.22"]
[Round "4"]
[White "Karlsson, Viktoria"]
[Black "Ganesh, Kisku"]
[Result "1-0"]
[WhiteElo "1127"]
[BlackElo "1602"]
[PlyCount "105"]
[EventDate "2009.06.20"]
[EventType "swiss"]
[EventRounds "7"]
[EventCountry "SWE"]
[SourceTitle "EXT 2010"]
[Source "ChessBase"]
[SourceDate "2010.11.25"]
[SourceVersion "1"]
[SourceVersionDate "2010.11.25"]
[SourceQuality "1"]

1. e4 c5 2. Nc3 Nc6 3. g3 g6 4. Bg2 Bg7 5. d3 e6 6. Be3 b6 7. Qd2 Nf6 8. 0-0-0 0-0 9. Re1 Bb7 10. Bh6 d6 11. Bxg7 Kxg7 12. Nd1 Qc7 13. h4 h6 14. f4 d5 15. Nf2 Nh5 16. Ne2 dxe4 17. Bxe4 f5 18. Bf3 Rad8 19. g4 fxg4 20. Nxg4 Nxf4 21. Nxf4 Qxf4 22. Rhf1 h5 23. Ne3 Qxh4 24. Ng2 Qe7 25. Qc3+ Kh7 26. Be4 Qg7 27. Nf4 Qh6 28. Qd2 Rf7 29. Nxe6 Qxd2+ 30. Kxd2 Rxf1 31. Rxf1 Rb8 32. Ng5+ Kh6 33. Nf7+ Kg7 34. Nd6 Nd8 35. Bxb7 Nxb7 36. Rf7+ Kg8 37. Rxb7 Rxb7 38. Nxb7 Kf7 39. Nd6+ Kf6 40. Ke3 g5 41. Kf3 Kg6 42. Kg3 Kf6 43. Ne4+ Kf5 44. Nf2 g4 45. Kh4 Kf4 46. Kxh5 g3 47. Nh3+ Kf3 48. Kh4 Kg2 49. c3 Kh2 50. b4 g2 51. bxc5 bxc5 52. d4 g1Q 53. Nxg1 1-0

[Event "IBCA Wch U20 blind 5th"]
[Site "Uppsala"]
[Date "2009.06.20"]
[Round "1"]
[White "Karlsson, Viktoria"]
[Black "Czajkowski, Adam"]
[Result "0-1"]
[WhiteElo "1127"]
[BlackElo "1741"]
[PlyCount "72"]
[EventDate "2009.06.20"]
[EventType "swiss"]
[EventRounds "7"]
[EventCountry "SWE"]
[SourceTitle "EXT 2010"]
[Source "ChessBase"]
[SourceDate "2010.11.25"]
[SourceVersion "1"]
[SourceVersionDate "2010.11.25"]
[SourceQuality "1"]

1. e4 c5 2. Nc3 Nc6 3. g3 g6 4. Bg2 Bg7 5. d3 d6 6. Nf3 e6 7. Be3 Nge7 8. Ne2 Bxb2 9. Rb1 Bg7 10. Qd2 0-0 11. 0-0 Qa5 12. Qxa5 Nxa5 13. d4 b6 14. Bf4 Ba6 15. Rfe1 Rfd8 16. e5 d5 17. h4 Nf5 18. Rbd1 Rac8 19. c3 Rd7 20. g4 Ne7 21. h5 Rdc7 22. h6 Bf8 23. Bh3 cxd4 24. cxd4 Rc2 25. Nc1 R8c3 26. Kg2 Bc4 27. g5 Bxa2 28. Nxa2 Rxa2 29. Ra1 Rb2 30. Bd2 Rxf3 31. Kxf3 Rxd2 32. Rad1 Rxd1 33. Rxd1 Nec6 34. Bf1 Nb3 35. Ke3 Nbxd4 36. Rxd4 Bc5 0-1